Chargement en cours...

മുത്തുക്കുട

Détails bibliographiques
Auteurs principaux: പി ആര്‍ ശ്യാമള, P R Syamala
Format: Printed Book
Publié: Trichur; Current Books; 1972
Édition:1st
Sujets:
LEADER 00697nam a22001817a 4500
082 |a 894.M3  |b SYA/M L2 
100 |a പി ആര്‍ ശ്യാമള;  |9 5920 
100 |a P R Syamala  |9 5921 
240 |a Muthukkuda 
245 |a മുത്തുക്കുട 
250 |a 1st 
260 |a Trichur;  |b Current Books;  |c 1972 
300 |a 248p. 
650 |a മലയാളം; മലയാളം നോവല്‍  |9 3 
650 |a Malayalam; Malayalam Novel; Literature; Malayalam Fiction  |9 5922 
942 |c BK 
999 |c 31893  |d 31893 
952 |0 0  |1 0  |4 0  |6 894_000000000000000_M3_SYA_M_L2  |7 0  |8 NOVET  |9 35133  |a MAL  |b MAL  |d 2015-05-07  |e 15929  |g 7.00  |l 0  |o 894.M3 SYA/M L2  |p MAL015929  |r 2015-05-07  |t 1  |w 2015-05-07  |y BK